000 01219nam a2200313 a 4500
001 61538
003 BD-RjUL
005 20211209080956.0
008 170119s1937 enk 000 0beng
035 _a(BD-RjUL)61662
040 _aDLC
_cCarP
_dBD-RjUL
_beng
041 _aeng
082 _223
_a818.3
_bKLC 1937
100 1 _aKlenze, Camillo von,
_d1865-
_9183369
245 1 0 _aCharles Timothy Brooks /
_cCamillo von Klenze,
260 _aLondon :
_bHeath and company;
_c1937.
300 _avii, 114 p. ;
_c25 cm.
600 1 0 _aBrooks, Charles Timothy,
_d1813-1883
_xKnowledge
_xLanguage and languages.
_9183381
650 0 _aGerman literature
_xTranslations into English
_xHistory and criticism.
_9183371
650 0 _aTranslating and interpreting
_zUnited States
_xHistory
_y19th century.
_9183372
650 0 _aGerman literature
_xAppreciation
_zUnited States.
_9183373
650 0 _aComparative literature
_xAmerican and German.
_9183374
650 0 _aComparative literature
_xGerman and American.
_9183375
650 0 _aGerman language
_xTranslating into English.
_9183376
650 0 _aAmerican literature
_xGerman influences.
_9183377
740 0 _aGenteel tradition.
942 _2ddc
_cBK
999 _c61538
_d61538